1787 1117 1137 1915 1510 1192 1588 1499 1755 1202 1556 1964 1505 1919 1087 1544 1036 1265 1500 1680 1024 1859 1526 1117 1801 1931 1674 1865 1661 1397 1715 1623 1603 1924 1069 1112 1476 1707 1330 1283 1143 1488 1107 1997 1136 1517 1334 1603 1028 1040 1130 1191 1124 1608 1722 1586 1105 1683 1426 1982 1072 1414 1639 1344 1544 1764 1537 1280 1853 1116 1780 1439 1776 1098 1801 1766 1579 1279 1197 1884 1007 1414 1602 1207 1583 1028 1026 1247 1589 1004 1425 1261 1951 1221 1164 1889 1752 1717 1997 BCNSPRNW ULIB Ver.6.0+V

เปลี่ยนเป็นภาษาไทย

Change to English
 แสดงรายละเอียดบรรณานุกรม
  กลับหน้าหลัก

Brief Record : Get Marc (ISO 2709) : E-mail record : QR code < ปิดหน้าต่าง
LEADER : 00000nam 2200000uu 4500
001    13399125797
003     ULIB
008    170911s2560||||th 000 0 tha d
020    ^a9786164401662
060  4 ^aWW290^bว836
100 0  ^aวีระวัฒน์ คิดดี
245 00 ^aการรักษาต้อหินด้วยเลเซอร์ =^bGlaucoma Laser Treatment /^cวีระวัฒน์ คิดดี
246 31 ^aGlaucoma Laser Treatment
260    ^aสงขลา : ^bภาควิชาจักษุวิทยา คณะแพทยศาสตร์ มหาวิทยาลัยสงขลานครินทร์,^c2560.
300    ^a214 หน้า :^bภาพประกอบ ;^c26 ซม.
500    ^aชื่อเรื่องจากปก
505 0  ^a... การรักษาต้อหินด้วยเลเซอร์ ความรู้พื้นฐานการจำแนกและข้อพิจารณาทางปฎิบัติ (Glaucoma laser treatment basic knowledge classification and practical considerations) ... เลนส์สัมพผัสที่ใช้ในการรักษาต้อหินด้วยเลเซอร์ (Ophthalmic contact lens used in glaucoma laser treatment) ... การรักษาด้วยเลเซอร์ที่ม่านตา (Laser treatment at the iris) ... การรักษาด้วยเลเซอร์ที่ trabecular meshwork (Laser treatment at the trabecular meshwork) ... การรักษาด้วยเลเซอร์ที่ ciliary body (Laser treatment at the ciliary body) ... การรักษาด้วยเลเซอร์หลังผ่าตัดต้อหิน (Laser treatment after glaucome surgery) ... ความปลอดภัยในการใช้เลเซอร์ (Laser safety)
650  2 ^aGlaucoma
650  2 ^aGlaucoma^xsurgery
650  7 ^aต้อหิน
650  7 ^aต้อหิน^xการรักษา
650  7 ^aตา, โรค
650  7 ^aตา^xศัลยกรรม
650  7 ^aต้อหิน^xศัลยกรรม
710 1  ^aมหาวิทยาลัยสงขลานครินทร์.^bคณะแพทยศาสตร์.^bภาควิชาจักษุวิทยา
945    ^p620^l0^i25443
945    ^p620^l0^i25444
945    ^p620^l0^i25445
999    ^aกัณชพร จุลอักษร
รายการนี้ยังไม่มีแท็ก
คุณยังไม่ได้ล็อกอิน คุณสามารถมีกิจกรรมร่วมกับเว็บไซต์ได้ แต่ต้องล็อกอินก่อน ::
  ล็อกอิน

รายการสื่อสารสนเทศ

ลำดับที่ ประเภท เลขเรียก/บาร์โค้ด สถานที่ สถานะ
1. หนังสือสำรอง
หนังสือสำรอง
WW290 ว836 ฉ.1 
  Barcode: 25443
ห้องสมุดวิทยาเขตนครสวรรค์
►หนังสือทั่วไป:l:General Books
บนชั้น
2. วิทยาศาสตร์การแพทย์ และสุขภาพ
วิทยาศาสตร์การแพทย์ และสุขภาพ
WW290 ว836 ฉ.2 
  Barcode: 25444
ห้องสมุดวิทยาเขตนครสวรรค์
►หนังสือทั่วไป:l:General Books
บนชั้น
3. วิทยาศาสตร์การแพทย์ และสุขภาพ
วิทยาศาสตร์การแพทย์ และสุขภาพ
WW290 ว836 ฉ.3 
  Barcode: 25445
ห้องสมุดวิทยาเขตนครสวรรค์
►หนังสือทั่วไป:l:General Books
บนชั้น

รายการใกล้เคียง
    ผู้แต่ง [วีระวัฒน์ คิดดี]

    หัวเรื่อง [Glaucoma]
    หัวเรื่อง [ต้อหิน]
    หัวเรื่อง [ตา, โรค]

BibComment


ยังไม่เคยถูกคอมเมนท์

คอมเมนท์ทรัพยากรรายการนี้
  คอมเมนท์: การรักษาต้อหินด้..


 Copyright 2026. Bcnsprnw @Library